| 000 | 00760cam a2200205 i 4500 | ||
|---|---|---|---|
| 005 | 20200104041515.0 | ||
| 008 | 960308s1994 cr 000 0 spa | ||
| 020 | _a9968702013 | ||
| 040 |
_aDLC _cDLC _dCO-BoIAVH |
||
| 041 | 1 | _aspa | |
| 082 | 0 | 4 |
_a333.9516 _bR35p |
| 100 | 1 |
_aReid, Walter V., _d1956- |
|
| 245 | 1 | 3 |
_aLa prospección de la biodiversidad : _bel uso de los recursos genéticos para el desarrollo sostenible / _cWalter V. Reid y (otros siete autores). |
| 260 |
_aSan José : _bInstituto Nacional de la Biodiversidad, _c1994. |
||
| 300 |
_a387 páginas ; _c22 cm. |
||
| 650 | 1 | 4 | _aDiversidad biológica |
| 650 | 2 | 4 | _aConservación de la diversidad biológica |
| 650 | 2 | 4 | _aProtecciòn del medio ambiente |
| 942 |
_2ddc _cLIBRO |
||
| 999 |
_c839 _d839 |
||